000 00745cam a22002291 4500
001 6104562
005 20180215093204.0
008 761021m19631970nyua bde 000 0 eng
010 _a 63014348
035 _a(OCoLC)2519460
040 _aDLC
_cO
_dOCoLC
_dOAU
_dMnU
_dCLU
_dDLC
041 _aeng
080 _a660.3 OTHM
082 _a660.3 OTHM
100 _a23
101 _aENC
245 0 0 _aEncyclopedia of chemical technology.
_cExecutive editor: Anthony Standen.
504 _aIncludes bibliographies.
740 0 _aKirk-Othmer encyclopedia of chemical technology.
906 _a7
_bcbc
_coclcrpl
_du
_encip
_f19
_gy-gencatlg
942 _2ddc
_cBK
999 _c42711
_d42711